|
|
|
|
| LEADER |
00000nam1a2200000 4500 |
| 001 |
173948 |
| 005 |
20231031164541.0 |
| 035 |
|
|
|a (RuTPU)RU\TPU\book\188638
|
| 035 |
|
|
|a RU\TPU\book\188635
|
| 090 |
|
|
|a 173948
|
| 100 |
|
|
|a 20100113d2013 k y0rusy50 ca
|
| 101 |
0 |
|
|a rus
|
| 102 |
|
|
|a RU
|
| 200 |
1 |
|
|a Жилищные условия населения Томской области
|e статистический сборник с экономическим обзором
|f Российская Федерация, Федеральная служба государственной статистики (Росстат России) ; Территориальный орган Федеральной службы государственной статистики по Томской области ; под ред. С. В. Касинского
|
| 205 |
|
|
|a Официальное издание
|
| 210 |
|
|
|a Томск
|c Томскстат-Т
|d 2013
|
| 225 |
1 |
|
|a Итоги Всероссийской переписи населения 2010 года
|v № 9
|
| 702 |
|
1 |
|a Касинский
|b С. В.
|4 340
|
| 712 |
0 |
1 |
|a Российская Федерация
|b Федеральная служба государственной статистики (Росстат России)
|c (Москва)
|c (2004- )
|2 stltpush
|3 (RuTPU)RU\TPU\col\5662
|
| 712 |
0 |
2 |
|a Территориальный орган Федеральной службы государственной статистики по Томской области
|2 stltpush
|3 (RuTPU)RU\TPU\col\18134
|
| 801 |
|
1 |
|a RU
|b 63413507
|c 20040923
|g PSBO
|
| 801 |
|
2 |
|a RU
|b 63413507
|c 20131101
|g PSBO
|
| 942 |
|
|
|c BK
|